Estrategia de superación para la preparación del docente de grado segundo en literatura infantil

Aborda la estrategia de superación para la preparación del docente de grado segundo en literatura infantil.

Uloženo v:
Podrobná bibliografie
Hlavní autor: Rivas Arenas, María Elena
Korporativní autor: e-libro, Corp
Další autoři: Sales Garrido, Ligia Magadalena (Režisér), Quintana Pérez, Mercedes Francisca (Režisér)
Médium: E-kniha
Jazyk:španělština
Vydáno: La Habana : Universidad de Ciencias Pedagógicas "Enrique José Varona", 2012.
Témata:
On-line přístup:https://elibro.unach.elogim.com/es/lc/unach/titulos/86171
Tagy: Přidat tag
Žádné tagy, Buďte první, kdo vytvoří štítek k tomuto záznamu!

MARC

LEADER 00000nam a2200000 a 4500
001 ELB86171
003 FlNmELB
006 m o d |
007 cr cn|||||||||
008 201201r2012 cu |||||s|||||||||||spa d
024 8 |z 71210125610 
035 |a (MiAaPQ)EBC3204423 
035 |a (Au-PeEL)EBL3204423 
035 |a (CaPaEBR)ebr10625593 
035 |a (OCoLC)929393772 
040 |a FlNmELB  |b spa  |c FlNmELB 
050 4 |a LB1501  |b R618 2012 
080 |a 373.3 
082 0 4 |a 372  |2 22 
100 1 |a Rivas Arenas, María Elena. 
245 1 0 |a Estrategia de superación para la preparación del docente de grado segundo en literatura infantil  |h [recurso electronico]  |c María Elena Rivas Arenas. 
260 |a La Habana :  |b Universidad de Ciencias Pedagógicas "Enrique José Varona",  |c 2012. 
300 |a 197 p. 
500 |a Tesis (doctorado)- Universidad de Ciencias Pedagógicas "Enrique José Varona". 
520 |a Aborda la estrategia de superación para la preparación del docente de grado segundo en literatura infantil. 
533 |a Recurso electrónico. Santa Fe, Arg.: e-libro, 2015. Disponible vía World Wide Web. El acceso puede estar limitado para las bibliotecas afiliadas a e-libro. 
650 4 |a Education.  |x General. 
650 4 |a Educación.  |x General. 
655 4 |a Libros electrónicos. 
700 1 |a Sales Garrido, Ligia Magadalena.  |4 drt 
700 1 |a Quintana Pérez, Mercedes Francisca.  |4 drt 
710 2 |a e-libro, Corp. 
856 4 0 |u https://elibro.unach.elogim.com/es/lc/unach/titulos/86171